000 00507nam a2200205Ia 4500
003 OSt
005 20230417105811.0
008 210423s2010 xx 000 0 und d
020 _a9788130912790
040 _cAL
041 _aeng
082 _a820.9358 MCLJ
100 _aMcLEOD (John).
_989177
245 _aBeginning postcolonialism
260 _aNew Delhi
_bViva Books Pvt Ltd
_c2010
300 _axii,274
_bPB
365 _b250
_cINR
906 _aBeginning ; postcolonialism
942 _2ddc
_cBK
999 _c159906
_d159906